Central Library OPAC University of Rajshahi

John Gay, poet of a lower order : (Record no. 19674)

MARC details
000 -LEADER
fixed length control field 00680nam a22002171a 4500
001 - CONTROL NUMBER
control field 19674
003 - CONTROL NUMBER IDENTIFIER
rucl marc code BD-RjUL
005 - DATE AND TIME OF LATEST TRANSACTION
control field 20211209000449.0
008 - FIXED-LENGTH DATA ELEMENTS--GENERAL INFORMATION
fixed length control field 140225s1964 sw b 001 1 eng d
035 ## - SYSTEM CONTROL NUMBER
System control number (BD-RjUL)19734
040 ## - CATALOGING SOURCE
Original cataloging agency ANL
Language of cataloging eng
Transcribing agency ANL
Modifying agency BD-RjUL
041 ## - LANGUAGE CODE
Language code of text/sound track or separate title eng
082 04 - DEWEY DECIMAL CLASSIFICATION NUMBER
Classification number 821.5
Author mark and year FOJ 1964
100 1# - MAIN ENTRY--PERSONAL NAME
Personal name Forsgren, Adina.
9 (RLIN) 60453
245 10 - TITLE STATEMENT
Title John Gay, poet of a lower order :
Remainder of title comments on his rural poems and other early writings /
Statement of responsibility, etc. Adina Forsgren.
260 ## - PUBLICATION, DISTRIBUTION, ETC. (IMPRINT)
Place of publication, distribution, etc. Stockholm :
Name of publisher, distributor, etc. Natur och Kultur,
Date of publication, distribution, etc. 1964.
300 ## - PHYSICAL DESCRIPTION
Pagination 249 p. ;
Size 22 cm.
504 ## - BIBLIOGRAPHY, ETC. NOTE
Bibliography, etc Includes bibliographical references and index.
600 10 - SUBJECT ADDED ENTRY--PERSONAL NAME
Personal name Gay, John,
Dates associated with a name 1685-1732.
942 ## - ADDED ENTRY ELEMENTS (KOHA)
Source of classification or shelving scheme Dewey Decimal Classification
Koha item type Books
Holdings
Lost status Source of classification or shelving scheme Damaged status Not for loan Collection code Permanent Location Current Location Shelving location Date acquired Source of acquisition Cost, normal purchase price Total Checkouts Full call number Date last seen Copy number Koha item type
  Dewey Decimal Classification   Not For Loan Fiction Central Library, University of Rajshahi Central Library, University of Rajshahi Reading Room 17/04/1967 Blackwell. 52.00   821.5 FOJ 1964 25/02/2014 C-1 Books